Statystyki dla Flaga którego państwa...

Kliknij tutaj aby rozwiązać quiz!

Ogólne statystyki

  • Ten quiz został rozwiązany 61 razy
  • Średni wynik to 10 z 20

Statystyki odpowiedzi

Dokończenie zdaniaOdpowiedź% Poprawnych
...ma przynajmniej osiem gwiazdBrazylia / Dominika / Republika Zielonego Przylądka / Stany Zjednoczone / Tuvalu / Uzbekistan / Wenezuela
86%
...zawiera kształt swojego państwaCypr / Kosowo
84%
...zawiera drzewo cedroweLiban
65%
...nie ma nic poza gwiazdą i jednokolorowym tłem (Maroko nie jest liczone)Somalia / Wietnam
65%
...ma słońce (nie licząc słońc majowych i podobnych do loga xboxa)Antigua i Barbuda / Kazachstan / Kiribati / Namibia / Nepal / Rwanda
61%
...dzieli się na dwa poziome pasy (wykluczając symbole np. gwiazdę)Indonezja / Monako / Polska / Ukraina
61%
...ma słońce majoweArgentyna / Urugwaj
59%
...zawiera jedenastoczubkowy liśćKanada
59%
...zawiera yin-yangKorea Południowa
57%
...składa się w przynajmniej 40% z koloru czarnegoAngola / Libia / Papua Nowa Gwinea
55%
...przepasana jest haftem / dywanemBiałoruś / Turkmenistan
51%
...posiada słońce podobne do loga xboxaKirgistan
47%
...została zmieniona w 2021 roku?Afganistan
45%
...składa się w przynajmniej 35% z koloru pomarańczowegoBhutan / Niger
45%
...zawiera kluczWatykan
45%
..zawiera dwie skrzyżowane włócznieKenia
39%
...nie ma kolorów: czerwonego, białego lub niebieskiegoJamajka
35%
...zawiera czerwoną pięcioramienną gwiazdę (Nowa Zelandia się nie liczy ze względu na biały kontur)Algieria / Dżibuti / Korea Północna / Tunezja / Zimbabwe
31%
...ma zazębianą linięBahrajn / Katar
31%
...ukazuje położenie państwa w stosunku do równikaNauru
20%

Rozkład punktacji

Percentyl według liczby udzielonych odpowiedzi

Procent ludzi z każdym wynikiem

Twoja historia wyników

Nie rozwiązałeś tego quizu